000 00224nam a22000857a 4500
008 160805b xxu||||| |||| 00| 0 eng d
100 _948
_aShreelatha A
245 _aSecondary Physics-X
260 _aNew Delhi
_bAPC Publication
_c2011
999 _c2700
_d2700